LEADER 02015nam a2200421 a 4500 001 000000017709 003 CaOOAMICUS 005 20130327105946.0 008 941010s1984 it u000 u ita r 020 $a8816401370 035 $a10412636 040 $aPUL(R)$bita 041 1 $aita$hlat 100 0 $aIohannes Sarisberiensis,$cvesc. di Chartres,$d1110/1120-1180/1182.$0(OLS)http://pul/name/5159 240 10$aPolycraticus.$lItaliano.$0(OLS)http://pul/title/168529 245 10$aPolicraticus :$bl'uomo di governo nel pensiero medievale /$cGiovanni di Salisbury ; presentazione di Maria Teresa Fumagalli Beonio-Brocchieri ; introduzione di Luca Bianchi. 260 $aMilano :$bJaca Book,$c1984. 300 $a298 p. ;$c23 cm 490 1 $aBiblioteca di cultura medievale 490 1 $aDi fronte e attraverso ;$v137 504 $a"Nota bibliografica": p. 29-31. 650 4$aFilosofia politica$xSec. XII.$0(OLS)http://pul/subject/12433 700 1 $aBianchi, Luca,$d1957-$0(OLS)http://pul/name/15902 700 1 $aFumagalli Beonio Brocchieri, Mariateresa,$d1933-$0(OLS)http://pul/name/2070 830 0$aDi fronte e attraverso ;$v137.$0(OLS)http://pul/title/138 830 0$aBiblioteca di cultura medievale.$0(OLS)http://pul/title/2253 850 $aPUL 852 $aPUL$W1$xDP1 Cons. Gen., Altre Classi 1$y22$m45 M 59$j24958$nBK-PRI$b $qStampati$B24958$CPULBib$Z2$F24958 $H $81 852 $aPUL$W1$xDP1 Fondo E. Rossi$y115$m1 J 40$j153272$qFondi$B152823$CPULBib$Z2$F152823 $HE004015019 $82 900 $aGiovanni di Salisbury,$d1110/1120-1180/1182$95159 941 1 $a8 941 1 $a1 961 $aINV: 53609 961 $aSul dorso collocazione ms. di E. Rossi: J 20 996 $6020$a8816401370$9(OLS)http://pul/number/22805 996 $6245$aPolicraticus :$bl'uomo di governo nel pensiero medievale$9(OLS)http://pul/title/25336 996 $6260$aMilano :$bJaca Book$9(OLS)http://pul/publisher/47900 LEADER 01585nam a2200277 a 4500 001 000000114646 003 CaOOAMICUS 005 20080225102928.0 008 080225s1548 gw c u000 u lat r 040 $aPUL$bita$dila 100 0 $aDionysius Carthusianus,$dc. 1402-1471.$0(OLS)http://pul/name/4295 245 10$aD. Dionysii Carthusiani Enarrationes piae ac eruditae in quinque mosaicae legis libros hoc est: Genesim, Exodum, Leviticum, Numeros, Deuteronomium ... 246 33$aEnarrationes piae ac eruditae in quinque mosaicae legis libros hoc est: Genesim, Exodum, Leviticum, Numeros, Deuteronomium ... 260 $aColoniae :$bex officina Ioannis Quentel,$c1548. 300 $a[28], 839, [1] p. ;$c2° (31 cm) 500 $aFront. xil. 500 $aSegnatura:*A6 *B4 *C4 a-z6 aa-zz6 aaa-zzz6 aaaa6 500 $aIniziali xil. 500 $ac. *Av Epigramma con illustrazione xil. 662 $aGermania$dColonia.$0(OLS)http://pul/subject/35038 710 2 $aQuentel, Johann$4pbl.$0(OLS)http://pul/name/70789 900 $aDionisio Cartusiano,$dc. 1402-1471$94295 900 $aDenis le Chartreux,$dc. 1402-1471$94295 996 $6245$aD. Dionysii Carthusiani Enarrationes piae ac eruditae in quinque mosaicae legis libros hoc est: Genesim, Exodum, Leviticum, Numeros, Deuteronomium ...$9(OLS)http://pul/title/6021 996 $6246$aEnarrationes piae ac eruditae in quinque mosaicae legis libros hoc est: Genesim, Exodum, Leviticum, Numeros, Deuteronomium ...$9(OLS)http://pul/title/6022 996 $6260$aColoniae :$bex officina Ioannis Quentel$9(OLS)http://pul/publisher/50273 LEADER 01674nam a2200361 a 4500 001 000000124565 003 CaOOAMICUS 005 20110307151559.0 008 110307s2000 it dfb u000 u ita r 020 $a88-8335-159-2 040 $aPUL$bita 041 1 $aita$heng 082 04$a302.23 100 1 $aFidler, Roger.$0(OLS)http://pul/name/78688 240 10$aMediamorphosis. Understanding New Media.$lItaliano.$0(OLS)http://pul/title/157026 245 10$aMediamorfosi :$bcomprendere i nuovi media /$cRoger Fidler ; a cura di Romana Andò e Alberto Marinelli. 260 $aMilano :$bGuerini e associati,$c©2000. 300 $axiv, 310 p. :$bill., c. geogr, grafici ;$c21 cm 490 1 $aAlf@net. Testi e strumenti per la società dell'informazione ;$v01 504 $aBibliografia p. [291]-293. 650 4$aComunicazione$xStudi.$0(OLS)http://pul/subject/5409 650 4$aMass media.$0(OLS)http://pul/subject/21149 700 1 $aAndò, Romana.$0(OLS)http://pul/name/78689 700 1 $aMarinelli, Alberto.$0(OLS)http://pul/name/78690 830 0$aAlf@net. Testi e strumenti per la società dell'informazione ;$v01.$0(OLS)http://pul/title/155851 850 $aPUL 852 $aPUL$W1$xSL Diritto e Scienze Sociali 3$y79$m302. 23 FIDRO 1$j143448$qDDC 21$B142477$CPULBib$Z2$F142477 $H115512 $82 941 1 $a9 996 $6020$a88-8335-159-2$9(OLS)http://pul/number/146585 996 $6082$a302.23$9(OLS)http://pul/classification/1682 996 $6245$aMediamorfosi :$bcomprendere i nuovi media$9(OLS)http://pul/title/157027 996 $6260$aMilano :$bGuerini e associati$9(OLS)http://pul/publisher/54431